|
|
|
|
| LEADER |
01630cas a2200241 a 4500 |
| 001 |
AALejournalIMF012129 |
| 008 |
230101c9999 xx r poo 0 0eng d |
| 020 |
|
|
|c 5.00 USD
|
| 020 |
|
|
|z 9781475506006
|
| 022 |
|
|
|a 1934-7685
|
| 040 |
|
|
|a BD-DhAAL
|c BD-DhAAL
|
| 110 |
2 |
|
|a International Monetary Fund.
|
| 245 |
1 |
0 |
|a Finland :
|b Staff Report for the 2012 Article IV Consultation.
|
| 264 |
|
1 |
|a Washington, D.C. :
|b International Monetary Fund,
|c 2012.
|
| 300 |
|
|
|a 1 online resource (70 pages)
|
| 490 |
1 |
|
|a IMF Staff Country Reports
|
| 500 |
|
|
|a <strong>Off-Campus Access:</strong> No User ID or Password Required
|
| 500 |
|
|
|a <strong>On-Campus Access:</strong> No User ID or Password Required
|
| 506 |
|
|
|a Electronic access restricted to authorized BRAC University faculty, staff and students
|
| 520 |
3 |
|
|a The paper is an account of Finland's unexpected upcoming deceleration in the economy at the end of 2011 and later. The deleveraging of the financial sector and the debt crisis made the nation fear an inevitable recession. To sustain this vulnerable situation, due attention was given to short-term growth and long-term challenges. Banks were encouraged to build up capitals and toughen bank decrees. Plans were made to multiply labor power and productivity. At the end of the paper, the Board welcomed the commitment of the state in improving and safeguarding the financial sector.
|
| 538 |
|
|
|a Mode of access: Internet
|
| 830 |
|
0 |
|a IMF Staff Country Reports; Country Report ;
|v No. 2012/253
|
| 856 |
4 |
0 |
|z Full text available on IMF
|u http://elibrary.imf.org/view/journals/002/2012/253/002.2012.issue-253-en.xml
|z IMF e-Library
|